| 000 | 00663nam a22002177a 4500 | ||
|---|---|---|---|
| 003 | DO-SdBNP | ||
| 005 | 20221115142520.0 | ||
| 007 | ta | ||
| 008 | 110301s2021 dr a b 000 0 spa d | ||
| 020 | _a9789801826439 | ||
| 040 |
_aDO-SdBNP _bspa _cBNPHU |
||
| 082 | 4 |
_axxxx _bV422l |
|
| 100 | 1 |
_aVega Ynoa, Ynocencia _953018 |
|
| 245 | 1 | 3 |
_aEl loro presumido : _bcuentos infantiles / _cYnocencia Vega Ynoa ; ilustrador Soonhwa Wiesner |
| 260 |
_aPuerto Cabello, Venezuela : _bColección Dorada, _c2021. |
||
| 300 |
_a44 p. : _bil. _c21 cm. |
||
| 590 | _aInventariado, 2022/ YL | ||
| 700 | 1 | 2 |
_aWiesner, Soonhwa _eil. _982827 |
| 910 | _aYLockward | ||
| 942 |
_2ddc _cLF2 |
||
| 999 |
_c52941 _d52941 |
||